Sports Quiz

Random Sports or Baseball Quiz

Which MLB Player? Quiz Stats

 Plays Quiz Updated Jul 25, 2019

Score 0/30 Timer 05:00
8 Plays Today
Question Answer Wrong Answers
Which Mariners player is Ken Griffey Jr.? Ken Griffey Jr.
95.6%
Alex Rodriguez
0.7%
Ichiro Suzuki
0.5%
Edgar Martinez
0.6%
Which Nationals/Expos player is Bryce Harper? Bryce Harper
95.5%
Max Scherzer
1.1%
Pedro Martinez
0.5%
Tim Raines
0.5%
Which Yankees player is Derek Jeter? Derek Jeter
94.3%
Mariano Rivera
0.6%
Andy Pettitte
2.2%
Jorge Posada
0.5%
Which Cardinals player is Albert Pujols? Albert Pujols
94%
Ozzie Smith
2.2%
Stan Musial
0.6%
Bob Gibson
0.6%
Which Mets player is Mike Piazza? Mike Piazza
92.8%
Darryl Strawberry
1.3%
Tom Seaver
1.6%
Jacob deGrom
1.7%
Which Royals player is George Brett? George Brett
91.1%
Willie Wilson
2.1%
Salvador Perez
1.6%
Zack Greinke
2.5%
Which Angels player is Vladimir Guerrero? Vladimir Guerrero
90.4%
Mike Trout
0.9%
Rod Carew
4%
Bartolo Colon
2.2%
Which Athletics player is Rickey Henderson? Rickey Henderson
90%
Reggie Jackson
1.7%
Dennis Eckersley
3.5%
Dave Stewart
2.1%
Which Marlins player is Miguel Cabrera? Miguel Cabrera
89.6%
Josh Beckett
2.3%
Giancarlo Stanton
5%
Christian Yelich
0.6%
Which Dodgers player is Sandy Koufax? Sandy Koufax
89.3%
Don Drysdale
5.3%
Clayton Kershaw
0.7%
Jackie Robinson
2.2%
Which Pirates player is Barry Bonds? Barry Bonds
88.5%
Roberto Clemente
2.3%
Willie Stargell
3%
Andrew McCutchen
3.8%
Which Indians player is Jim Thome? Jim Thome
88.4%
Gaylord Perry
5.7%
Sandy Alomar Jr.
2.1%
C.C. Sabathia
1.1%
Which Giants player is Willie Mays? Willie Mays
87.9%
Willie McCovey
8.6%
Tim Lincecum
0.5%
Buster Posey
0.4%
Which Braves player is John Smoltz? John Smoltz
86.3%
Tom Glavine
6.5%
Hank Aaron
1.4%
Chipper Jones
3%
Which Phillies player is Mike Schmidt? Mike Schmidt
86.4%
Lenny Dykstra
4%
Ryan Howard
0.9%
Steve Carlton
6.1%
Which Diamondbacks player is Luis Gonzalez? Luis Gonzalez
85.8%
Curt Schilling
2.4%
Randy Johnson
1.9%
Paul Goldschmidt
7.2%
Which Red Sox player is Luis Tiant? Luis Tiant
85.1%
Ted Williams
6.8%
Manny Ramirez
3.8%
David Ortiz
1.4%
Which Padres player is Tony Gwynn? Tony Gwynn
85.1%
Dave Winfield
8.4%
Trevor Hoffman
2%
Jake Peavy
1.7%
Which Reds player is Barry Larkin? Barry Larkin
83.6%
Pete Rose
6.1%
Johnny Bench
4.7%
Joey Votto
2.8%
Which Rangers player is Rafael Palmeiro? Rafael Palmeiro
83.2%
Nolan Ryan
2.4%
Josh Hamilton
2.6%
Adrian Beltre
9.2%
Which Rockies player is Larry Walker? Larry Walker
81.6%
Troy Tulowitzki
3.3%
Nolan Arenado
3.3%
Todd Helton
9.1%
Which Twins player is Kirby Puckett? Kirby Puckett
80.8%
Harmon Killebrew
7%
Tony Oliva
4.4%
Bert Blyleven
5.2%
Which White Sox player is Mark Buehrle? Mark Buehrle
78.2%
Frank Thomas
1.6%
Joe Jackson
2.8%
Jack McDowell
14.6%
Which Astros player is Craig Biggio? Craig Biggio
77.4%
Lance Berkman
5.7%
Jeff Bagwell
12.6%
Jose Altuve
1.6%
Which Cubs player is Fergie Jenkins? Fergie Jenkins
77.3%
Ernie Banks
14.1%
Kris Bryant
1.6%
Greg Maddux
4.2%
Which Rays player is Blake Snell? Blake Snell
76.5%
Matt Garza
7.3%
David Price
3.6%
Evan Longoria
9.9%
Which Blue Jays player is Roberto Alomar? Roberto Alomar
76.2%
Joe Carter
17.8%
Josh Donaldson
1.8%
Roy Halladay
1.5%
Which Tigers player is Jack Morris? Jack Morris
70.9%
Alan Trammell
6.8%
Justin Verlander
3.4%
Kirk Gibson
16.1%
Which Brewers player is Robin Yount? Robin Yount
59.7%
Paul Molitor
23.6%
Rollie Fingers
11.9%
Ryan Braun
2.1%
Which Orioles player is Brooks Robinson? Brooks Robinson
58.4%
Frank Robinson
29%
Eddie Murray
8.2%
Cal Ripken Jr.
2%

You're not logged in!

Compare scores with friends on all Sporcle quizzes.
OR
Log In

Sporcle TV

Today on Sporcle TV


Watch our educational content, quiz creation guides, and fun videos on Sporcle TV.

Show Comments

Extras

Top Quizzes Today


Score Distribution

Your Account Isn't Verified!

In order to create a playlist on Sporcle, you need to verify the email address you used during registration. Go to your Sporcle Settings to finish the process.

Report this User

Report this user for behavior that violates our Community Guidelines.

Details: